00217nam a2200073Ia 4500008004100000100001600041245007700057260000900134120527s9999 xx 000 0 und d aBOXALL, R.A aA critical review of the methodology for assessing farm-level grain loss bTDRI